LIBRARY & INFORMATION CENTRE, KCAET, TAVANUR

ONLINE PUBLIC ACCESS CATALOGUE (OPAC)

Manual of classification of librarians and bibliographers / (Record no. 8005)

MARC details
000 -LEADER
fixed length control field 00475cam a2200181ua 4500
041 ## - LANGUAGE CODE
Language code of text/sound track or separate title eng
082 ## - DEWEY DECIMAL CLASSIFICATION NUMBER
Classification number 025.46
Item number SAY/MA
100 ## - MAIN ENTRY--AUTHOR NAME
Personal name Sayers, Berwick W C .
245 ## - TITLE STATEMENT
Title Manual of classification of librarians and bibliographers /
250 ## - EDITION STATEMENT
Edition statement 3 /
260 ## - PUBLICATION, DISTRIBUTION, ETC. (IMPRINT)
Place of publication London :
Name of publisher Andre Deutsch ,
Year of publication 1962.
300 ## - PHYSICAL DESCRIPTION
Number of Pages 346 ; .
942 ## - ADDED ENTRY ELEMENTS (KOHA)
Koha item type Books
Holdings
Withdrawn status Lost status Damaged status Home library Current library Date acquired Full call number Accession Number Koha item type
      KAUAET KAUAET 07/04/2012 025.46 3182 Reference
free website counter